000
00274nam a22001337a 4500
008
171124b xxu||||| |||| 00| 0 eng d
020
_a
9780073515410
041
_a
eng
080
_a
618.2
100
_a
1
101
_a
INF
245
_a
NURSING
_c
HILL.M
942
_2
udc
_c
BK
999
_c
38457
_d
38457